| 000 | 00796cab a2200253 4500 | ||
|---|---|---|---|
| 001 | WB3112-11 | ||
| 008 | 090401t1995 xxu||||| |||| 00| 0 eng d | ||
| 035 | _a(Sirsi) u35655 | ||
| 041 | _aeng | ||
| 245 | _aOut-of-town development in Wales | ||
| 260 | _c1995 | ||
| 350 | _a0 | ||
| 490 |
_aWestern Mail _v20 March 1995, 2(1) |
||
| 520 | _aThe impact of out-of-town development on town centres in Wales will be far more severe than initially estimated according to a report by Oxford Retail Consultants. | ||
| 650 | _aOUT-OF-TOWN DEVELOPMENT | ||
| 650 | _aPONTYPRIDD | ||
| 650 | _aRETAIL DEVELOPMENT | ||
| 650 | _aRETAIL IMPACT STUDIES | ||
| 650 | _aTOWN CENTRES | ||
| 650 | _aWALES | ||
| 690 | _aPROPERTY-COMMERCIAL PROPERTY-RETAIL PROPERTY | ||
| 942 | _n0 | ||
| 948 | _c04/03/1997 | ||
| 999 |
_c23324 _d23324 |
||